000 00225nam a22000857a 4500
008 160714b xxu||||| |||| 00| 0 eng d
100 _92855
_a Michelson, F.B
245 _aThe Defiant Heart
260 _aLondon
_b Harper Collins
_c1964
999 _c2430
_d2430